बढ़ते कदम: (Record no. 207048)
[ view plain ]
| 000 -LEADER | |
|---|---|
| fixed length control field | 00899nam a22002177a 4500 |
| 005 - DATE AND TIME OF LATEST TRANSACTION | |
| control field | 20241127115337.0 |
| 010 ## - LCCN (DPL NO) | |
| LC control number | HIN-128827 |
| 020 ## - INTERNATIONAL STANDARD BOOK NUMBER | |
| Terms of availability | 240.00 |
| International Standard Book Number | 9788196477585 |
| 035 ## - SYSTEM CONTROL NUMBER | |
| System control number | HN-101173 |
| 037 ## - SOURCE OF ACQUISITION | |
| Source of stock number/acquisition | DBAD |
| 082 ## - DEWEY DECIMAL CLASSIFICATION NUMBER | |
| Classification number | क |
| 100 ## - MAIN ENTRY--PERSONAL NAME | |
| Personal name | अग्रवाल,बबीता |
| 245 ## - TITLE STATEMENT | |
| Title | बढ़ते कदम: |
| Remainder of title | विकास की पहली सीढ़ी/ |
| Statement of responsibility, etc | बबीता अग्रवाल |
| 250 ## - EDITION STATEMENT | |
| Edition statement | प्रथम |
| 260 ## - PUBLICATION, DISTRIBUTION, ETC. (IMPRINT) | |
| Place of publication, distribution, etc | Uttarpradesh |
| Name of publisher, distributor, etc | Genic Books Publishers Pvt.Ltd. |
| Date of publication, distribution, etc | 2023 |
| 270 ## - ADDRESS | |
| Address | 22 Maruti City Extention, Shamshabad Road, Agra |
| City | Agra |
| Postal code | 282001 |
| Telephone number | 9557613322 |
| -- | 9058586680 |
| Electronic mail address | genicpublication@gmail.com |
| 300 ## - PHYSICAL DESCRIPTION | |
| Extent | 101पृ. |
| Dimensions | 22 सेमी (अजिल्द) |
| 650 ## - SUBJECT ADDED ENTRY--TOPICAL TERM | |
| Topical term or geographic name as entry element | प्रेरणादायक कहानियों का संग्रह |
| 700 ## - ADDED ENTRY--PERSONAL NAME | |
| 9 (RLIN) | 66429 |
| 942 ## - ADDED ENTRY ELEMENTS (KOHA) | |
| Source of classification or shelving scheme | Dewey Decimal Classification |
| Item type | Hindi Books |
| Classification part | क |
| Call number suffix | अग्रवा |
| Withdrawn status | Lost status | Not for loan | Collection code | Home library | Current library | Date acquired | Source of acquisition | Cost, normal purchase price | Full call number | Barcode | Copy number | Cost, replacement price | Koha item type |
|---|---|---|---|---|---|---|---|---|---|---|---|---|---|
| Fiction | Bawana | Bawana | 27/11/2024 | DBAD | 240.00 | क अग्रवा | HN-101173 | 1 | 240.00 | Hindi Books |
